Responsibility and Evidence in Oral Discourse : (Record no. 611481)

MARC details
000 -LEADER
fixed length control field 00546nam a2200193 a 4500
008 - FIXED-LENGTH DATA ELEMENTS--GENERAL INFORMATION
fixed length control field 260210s1993##################000#0#eng##
020 ## - INTERNATIONAL STANDARD BOOK NUMBER
ISBN 9780521425292
082 04 - DEWEY DECIMAL CLASSIFICATION NUMBER
Classification number 306.44089
Item number HIL
100 1# - MAIN ENTRY--AUTHOR NAME
Personal name Hill, Jane H.,
245 10 - TITLE STATEMENT
Title Responsibility and Evidence in Oral Discourse :
260 ## - PUBLICATION, DISTRIBUTION, ETC. (IMPRINT)
Name of publisher Cambridge University Press,
Year of publication 1993.
300 ## - PHYSICAL DESCRIPTION
Number of Pages 332 pages
650 #0 - SUBJECT ADDED ENTRY--TOPICAL TERM
Topical Term Language Arts & Disciplines.
942 ## - ADDED ENTRY ELEMENTS (KOHA)
Koha item type English Books

No items available.

Find us on the map